000 00579nam a2200193 i 4500
001 88609
003 ES-MaACL
005 20230906175906.0
007 t|
008 050105s1967 sp ||||1| spa d
100 1 _aLane, Robert E.
_969990
245 1 3 _aLa opinión pública /
_cRobert E. Lane, David O. Scars ; [traducción Lluis renart].
250 _a[1ª ed.].
260 _aBarcelona :
_b[Fontanella],
_c1967 (
_fDiamante)
300 _a250 p. ;
_c19 cm.
700 1 _aScars, David O.
_9104154
700 1 _aRenart, Lluis.
_996178
852 _aES-MaACL
_jC-33320
_bR.62638
999 _c88609
_d88609